000 01670nam a2200529 i 4500
001 37401
003 KOSZ 005
005 20220309125955.0
008 991221s1999 pl a f f |000 0 pol
015 _aPB 2000/5625
020 _a8371971028
035 _a991012286329705066
035 _a(PL-WaBN)b13326600-48omnis_nlop
035 _ab13326600
035 _a(OCoLC)750550261
035 _a(PL)b0000001332660
035 _a(EXLNZ-48OMNIS_NETWORK)9910094779605606
040 _aWA N
_cWA N
_dKOSZ 005/HR
041 0 _apol
046 _k1999
080 _a004.42
080 _a004.92
080 _a(07)
100 1 _aStasiak, Fabian
_eAutor
245 1 0 _aMechanical Desktop 2.0 /
_cFabian Stasiak.
260 _aGliwice :
_b"Helion" :
_b"Autodesk",
_ccopyright 1999.
300 _a1016 s. :
_bil. ;
_c24 cm +
_edyskietka.
336 _2rdacontent
_aTekst
_btxt
337 _2rdamedia
_aBez urządzenia pośredniczącego
_bn
338 _2rdacarrier
_aWolumin
_bnc
380 _aKsiążki
380 _aPublikacje fachowe
388 _a1901-2000
388 _a1989-2000
658 _aInżynieria i technika
658 _aInformatyka i technologie informacyjne
650 7 _aProgramy graficzne
_2DBN
650 7 _aProjektowanie wspomagane komputerowo
_2DBN
655 7 _aRysunek techniczny
_2DBN
655 7 _aPodręcznik
_2DBN
650 7 _aMechanical Desktop
_2DBN
650 7 _aStereometria
_2DBN
710 2 _aHelion
_4pbl
856 _uhttp://koha.tu.koszalin.pl/cgi-bin/koha/opac-detail.pl?biblionumber=37401
_yKatalog online BPK
942 _2UKD
_cKS
999 _c37401
_d37401